000
00283nam a22001337a 4500
008
170607b xxu||||| |||| 00| 0 eng d
020
_a
9781597974271
041
_a
eng
080
_a
94
100
_a
18
101
_a
SHH
245
_a
THE OTHER WAR
_c
NEUMANN,R.E
942
_2
udc
_c
BK
999
_c
16262
_d
16262